Score 0/20 Timer 03:00
0 Plays Today
Title Missing Word % Correct
Little _____ on the PrairieHouse
98.5%
Little Red Riding _____Hood
96.5%
My Little _____Pony
93.2%
Little Bo _____Peep
92.9%
Little _____ MuffetMiss
91.9%
The Little _____ BoyDrummer
90.1%
Little Shop of _____Horrors
89.5%
Little Orphan _____Annie
86.2%
Little _____Women
84.2%
The Little _____ That CouldEngine
84%
Title Missing Word % Correct
_____ Little LiarsPretty
81.9%
Little _____John
80.8%
Little Miss _____ Sunshine
74.3%
_____ LittleStuart
69.5%
The Battle of the Little _____Bighorn
68.3%
Fat _____ and Little Boy Man
68%
The _____ Little Whоrehouse in TexasBest
67%
The Little _____Mermaid
63.3%
Little Red _____Corvette
54.6%
Big _____ in Little ChinaTrouble
54.2%

Today's Daily Dose

Remove Ads.
Support Sporcle.
Get the best of Sporcle when you Go Orange. This ad-free experience offers more features, more stats, and more fun while also helping to support Sporcle. Thank you for becoming a member.

You're not logged in!

Compare scores with friends on all Sporcle quizzes.
OR
Log In

Show Comments

Extras

Top Quizzes Today


Score Distribution

Your Account Isn't Verified!

In order to create a playlist on Sporcle, you need to verify the email address you used during registration. Go to your Sporcle Settings to finish the process.

Report this User

Report this user for behavior that violates our Community Guidelines.

Details: